Seguridad y antivirus : los mejores programas y trucos para proteger su computadora /
Guardado en:
| Autor Principal: | |
|---|---|
| Formato: | Libro |
| Publicado: |
México :
Mega Punto
|
| Series: | Dr. Max. Biblioteca total de la computación; No. 9
|
| Materias: | |
| Etiquetas: |
Agregar Etiqueta
Sin Etiquetas, Sea el primero en etiquetar este registro!
|
| LEADER | 00875nam a22002175a 4500 | ||
|---|---|---|---|
| 001 | CEM.cems011104 | ||
| 005 | 20071127155035.0 | ||
| 008 | 130507b######################000#0#####d | ||
| 003 | CEMS | ||
| 020 | |a 9685347298 | ||
| 082 | 0 | 4 | |a 001.6 |
| 100 | 1 | |a Fajardo, Jorge Nelson | |
| 245 | 1 | 0 | |a Seguridad y antivirus : |b los mejores programas y trucos para proteger su computadora / |c Jorge Nelson Fajardo |
| 260 | |a México : |b Mega Punto | ||
| 300 | |a 150 p. | ||
| 490 | 0 | |a Dr. Max. Biblioteca total de la computación; No. 9 | |
| 505 | 0 | |a Amenazas informáticas -- Salvar información -- Antivirus -- McAfee VirusScan en datalle -- Seguridad en Internet -- Seguridad en la Web -- Manteniiento de la PC -- Seguridad en Excel | |
| 653 | |a Informática | ||
| 653 | |a Virus informáticos | ||
| 653 | |a Antivirus informáticos | ||
| 859 | |a CEMS |b BIB. CEMS - 11 de abril |h 001.6 |i F178 |p 21907.02 |t Ej.1 | ||
